El Ministro Jorge Iñárritu y Ramírez de Aguilar /
محفوظ في:
| مؤلفون آخرون: | |
|---|---|
| التنسيق: | كتاب |
| اللغة: | الإسبانية |
| سلاسل: | (Semblanzas ;
1) |
| الموضوعات: | |
| الوسوم: |
لا توجد وسوم, كن أول من يضع وسما على هذه التسجيلة!
|
MARC
| LEADER | 00000nam^a2200000^a^4500 | ||
|---|---|---|---|
| 001 | 000182407 | ||
| 005 | 20250521000000.0 | ||
| 009 | 20260310102007.163 | ||
| 037 | |a Acervo ITESO - Biblioteca | ||
| 041 | |a ESP | ||
| 082 | |a 347. 72014 |b SEM V. 1 | ||
| 245 | 0 | 3 | |a El Ministro Jorge Iñárritu y Ramírez de Aguilar / |c Presen. de C. del Río Rodríguez. |
| 264 | |a México : |b Suprema Corte de Justicia de la Nación, |c 1987 | ||
| 300 | |a 342 p. | ||
| 336 | |a texto |b txt |2 rdacontenido | ||
| 337 | |a sin mediación |b n |2 rdamedio | ||
| 338 | |a volumen |b nc |2 rdasoporte | ||
| 440 | 1 | |a (Semblanzas ; |v 1) | |
| 649 | |a XX | ||
| 650 | |a Jueces Mexicanos - |x Biografías | ||
| 650 | |a Jueces Mexicanos - |x Homenajes | ||
| 650 | |a Jueces Mexicanos - |x Discursos | ||
| 650 | |a Fiscales Mexicanos - |x Biografías | ||
| 650 | |a Fiscales Mexicanos - |x Homenajes | ||
| 650 | |a Fiscales Mexicanos - |x Discursos | ||
| 650 | |a Juristas Mexicanos - |x Biografías | ||
| 650 | |a Juristas Mexicanos - |x Homenajes | ||
| 650 | |a Juristas Mexicanos - |x Discursos | ||
| 650 | |a Abogados Mexicanos - |x Biografías | ||
| 650 | |a Abogados Mexicanos - |x Homenajes | ||
| 650 | |a Abogados Mexicanos - |x Discursos | ||
| 650 | |a Amparo - |z México | ||
| 650 | |a Reforma Jurídica - |z México | ||
| 650 | |a Recurso de Inconstitucionalidad - |z México | ||
| 650 | |a Competencia (Derecho) - |z México | ||
| 650 | |a Justicia e Injusticia - |z México | ||
| 650 | |a Justicia - |x Administración - |z México | ||
| 650 | |a Suprema Corte de Justicia de la Nación - |z México | ||
| 650 | |a Suprema Corte de Justicia de la Nación - |z México - |x Informes | ||
| 650 | |a Tribunales - |z México | ||
| 650 | |a Poder Judicial - |z México | ||
| 650 | |a Derecho - |z México | ||
| 650 | |a Iñárritu y Ramírez de Aguilar, Jorge | ||
| 700 | |a Río Rodríguez, Carlos del |e (presentación) | ||
| 910 | |a Fondo General | ||
| 920 | |a Impresos - Libros | ||
| 930 | |a Colección General | ||
| 905 | |a 101 | ||
| 901 | |a 0500122207 |b IT1 |c ACC |u 20250521 | ||
| 902 | |a https://opac.biblio.iteso.mx/vufind/Record/000182407 | ||